000 00596nam a2200193Ia 4500
003 GCL
008 140319s9999 xx 000 0 ara d
040 _aGCL /
_cGCL
082 0 4 _a823.03
_bد ص
100 1 _aحسين القبانى
245 1 0 _aالصغيرة دوريت: الكتاب الثانى /
_cحسين القبانى
700 1 _aديكنز، شارلز
700 1 _aشوقى السكرى
300 _a680 ص
490 _aالالف كتاب
_v0
650 0 4 _aالقصص الانجليزية
650 0 4 _aالقصص الانجليزية المترجمة
942 _2ddc
_cBK
999 _c42840
_d42840